书目信息 |
| 题名: |
考研思想政治理论冲刺考点必背
|
|
| 作者: | 蒋中挺 编著 | |
| 分册: | ||
| 出版信息: | 北京 原子能出版社 2015.10 |
|
| 页数: | 145页 | |
| 开本: | 20cm | |
| 丛书名: | ||
| 单 册: | ||
| 中图分类: | D0 | |
| 科图分类: | ||
| 主题词: | 政治理论 | |
| 电子资源: | ||
| ISBN: | 7-5022-6903-7 | |
| 000 | 00596nam0 2200193 450 | |
| 001 | 1730554690 | |
| 005 | 20170218111116.89 | |
| 010 | @a7-5022-6903-7@dCNY18.00 | |
| 100 | @a20170218d2015 km y0chiy0120 ea | |
| 101 | 0 | @achi |
| 102 | @aCN@b110000 | |
| 200 | 1 | @a考研思想政治理论冲刺考点必背@Akao yan si xiang zheng zhi li lun chong ci kao dian bi bei@f蒋中挺编著@Fjiang zhong ting bian zhu |
| 210 | @a北京@c原子能出版社@d2015.10 | |
| 215 | @a145页@d20cm | |
| 606 | 0 | @a政治理论 |
| 690 | @aD0@v4 | |
| 701 | 0 | @a蒋中挺@Ajiang zhong ting@4编著 |
| 801 | 0 | @aCN@bMUSE@c20170218 |
| 905 | @aMUSE@dD0@eJ6064 | |
| 考研思想政治理论冲刺考点必背/蒋中挺编著.-北京:原子能出版社,2015.10 |
| 145页;20cm |
| ISBN 7-5022-6903-7:CNY18.00 |
| ● |
| 相关链接 |
|
|
|
正题名:考研思想政治理论冲刺考点必背
索取号:D0/J6064
 
预约/预借
| 序号 | 登录号 | 条形码 | 馆藏地/架位号 | 状态 | 备注 |
| 1 | 1239064 | 212390642 | 社科库509/509社科库 66排8列4层/ [索取号:D0/J6064] | 在馆 |